Elements of mechanical engineering (Record no. 273794)
[ view plain ]
| 000 -LEADER | |
|---|---|
| fixed length control field | 00441nam a2200169Ia 4500 |
| 005 - DATE AND TIME OF LATEST TRANSACTION | |
| control field | 20240702092136.0 |
| 008 - FIXED-LENGTH DATA ELEMENTS--GENERAL INFORMATION | |
| fixed length control field | 240126s9999 xx 000 0 und d |
| 020 ## - INTERNATIONAL STANDARD BOOK NUMBER | |
| International Standard Book Number | 9789383506156 |
| 082 ## - DEWEY DECIMAL CLASSIFICATION NUMBER | |
| Classification number | 621 RAO;1 R |
| 100 ## - MAIN ENTRY--PERSONAL NAME | |
| Personal name | Rao, P Raghuthama. |
| 245 #0 - TITLE STATEMENT | |
| Title | Elements of mechanical engineering |
| 260 ## - PUBLICATION, DISTRIBUTION, ETC. (IMPRINT) | |
| Name of publisher, distributor, etc. | Sanguine Technical Publishers |
| Place of publication, distribution, etc. | Bangalore |
| Date of publication, distribution, etc. | 2014 |
| 300 ## - PHYSICAL DESCRIPTION | |
| Extent | xvii, 262 |
| 440 ## - SERIES STATEMENT/ADDED ENTRY--TITLE | |
| Title | NULL |
| 650 ## - SUBJECT ADDED ENTRY--TOPICAL TERM | |
| Topical term or geographic name as entry element | mechanical |
| 942 ## - ADDED ENTRY ELEMENTS (KOHA) | |
| Koha item type | PESU Books |
| Date last seen | Total Checkouts | Full call number | Accession number | Old discount | Volume/Issue Number | Cost, replacement price | Price effective from | Category | Lost status | Damaged status | Department | Withdrawn status | bill no. | Permanent Location | Current Location | Shelving location | Entry date | Vendor | Cost, normal purchase price | Grants | Currency symbol | Conversion rate | Discount | Discount type |
|---|---|---|---|---|---|---|---|---|---|---|---|---|---|---|---|---|---|---|---|---|---|---|---|---|
| 26/01/2024 | 621 RAO;1 R | PU2448 | 28 | (06/07/1905) | 143.28 | 26/01/2024 | PESU Books | Central Library | BA/2014/CR/0002591 | Central Library | Central Library | Central Library | 28/11/2014 | Allied publ. | 199.00 | ME | RS | 1 | 55.72 | Rupees | ||||
| 26/01/2024 | 621 RAO;2 R1 | PU2449 | 28 | (06/07/1905) | 143.28 | 26/01/2024 | PESU Books | Central Library | BA/2014/CR/0002591 | Central Library | Central Library | Central Library | 28/11/2014 | Allied publ. | 199.00 | ME | RS | 1 | 55.72 | Rupees |
